01567cam a22003617a 4500003000500000005001700005008004100022010001000063011001000073020001500083035001000098040000900108082001500117110007500132245017200207260010000379300002300479490002800502590004100530590004100571590004100612590004200653650004200695650003900737710013400776830003500910901000700945905002600952942001000978949006500988999001701053952013501070CHAP20220817043621.0000215d1996 tw ad r 10010 eng d a79880 a80852 a9579539103 a91306 cCHAP04a632.96bF72 aFood and Fertilizer Technology Center for the Asian and Pacific Region10aBiological pest control in systems of integrated pest management:bproceedings of the .....c/by Food and Fertilizer Technology Center for the Asian and Pacific Region aTaipei, China :bFood and Fertilizer Technology Center for the Asian and Pacific Region,c1996. a290 p. :bgráfs. 0aFFTC. Book seriesv; 47 aBATCH-UPDb10c20130110lUCH01h0754 aBATCH-UPDb10c20130410lUCH01h0434 aBATCH-UPDb10c20130914lUCH01h1047 aCONVERSIONb10c20130109lUCH01h134414aControl biológico de plagas.92758714aManejo integrado de plagas.9703650 aInternational Symposium on The Use of Biological Control Agents under Integrated Pest Managementd(1993 :cFukuoka, Japan)9600360 aFFTC. Book seriesv; 47940685 aBK aBlanca M. García O. cLIBRO a632.96 F7bBCcLIBROd33724000739942eLIBROh96412i91306si c79880d79880 00102ddc4052708GRALaBCbBCcPP_GRALd2019-12-31fLIBROl0o632.96 F7p33724000739942r2019-12-31 00:00:00w2019-12-31yLIBRO